| 000 | 01078cam a2200289 a 4500 | ||
|---|---|---|---|
| 001 | 3907300 | ||
| 003 | OSt | ||
| 005 | 20180116183051.0 | ||
| 008 | 911018s1992 enka b 001 0 eng | ||
| 010 | _a 91039200 | ||
| 020 | _a0631183973 (acidfree paper) | ||
| 020 | _a0631183981 (pbk. : acidfree paper) | ||
| 040 |
_aDLC _cDLC _dDLC |
||
| 050 | 0 | 0 |
_aHF5549 _b.S877 1992 |
| 082 | 0 | 0 |
_a658.3 STO 1992 _220 |
| 100 | 1 |
_aStorey, John, _d1947- |
|
| 245 | 1 | 0 |
_aDevelopments in the management of human resources : _ban analytical review / _cJohn Storey. |
| 260 |
_aOxford, UK ; _aCambridge, Mass., USA : _bBlackwell, _c1992. |
||
| 300 |
_axvi, 304 p. : _bill. ; PB _c24 cm. |
||
| 440 | 0 | _aWarwick studies in industrial relations | |
| 504 | _aIncludes bibliographical references (p. [286]-296) and index. | ||
| 650 | 0 | _aPersonnel management. | |
| 740 | 0 | _aManagement of human resources. | |
| 906 |
_a7 _bcbc _corignew _d1 _eocip _f19 _gy-gencatlg |
||
| 942 |
_2ddc _cBK |
||
| 999 |
_c351632 _d351632 |
||